Quizzes
Events
Quiz Creation
Community
Videos
Private Events
Remove Ads
Sign In
Join for FREE
Feedback
Dark Mode
Quiz Categories
Sports
Geography
Music
Movies
Television
Just For Fun
Miscellaneous
History
Literature
Language
Science
Gaming
Entertainment
Religion
Holiday
For Kids
Quiz Lab
Recent
Popular Today
Quiz Kudos Today
Editor Picks
Curator Picks
Quizzes by...
Day
Popularity
Type
Ratings
Length
Year
Community
Subscriptions
Recent Discussions
Orange Saloon
Badges
Playlists
Quests
Create
Leaderboards
Showdown
Live 5
Trivia Bingo
Activity
Puzzle Library
Sporcle Events
Private Events
Virtual Trivia
Globe League
Become a Host
Pub Owners
SporcleCon
Opinionation
Our Games
Videos
Blog
Mobile Apps
Partnerships
Remove Ads and Go Orange
Feedback
Sports
Athletes
MLB
NBA
NHL
NFL
Soccer
Sports Teams
WWE
NCAA
Football
Premier League
Basketball
Baseball
Hockey
Golf
Tennis
Cricket
Rugby
Auto Racing
Olympics
World Cup
Sports
Athletes
MLB
NBA
NHL
NFL
Soccer
Sports Teams
WWE
NCAA
Football
Premier League
Basketball
Baseball
Hockey
Golf
Tennis
Cricket
Rugby
Auto Racing
Olympics
World Cup
Random Quiz
Search Sporcle
×
Quiz Lab
Quiz Lab
Sports
Scoring
Type in answers that appear in a list
Type in answers that appear in a list
Classic
Best Score? Go Orange.
Miami Heat 2nd in Scoring Stats
Can you name the Miami Heat players who were 2nd on the team in scoring since 1990?
By
jags_027
8m
22 Questions
129 Plays
129 Plays
129 Plays
Comments
Comments
Give Quiz Kudos
Give Quiz Kudos
-
- Ratings
hide this ad
Replay
Link that replays current quiz
Next Quiz
Link to next quiz in quiz playlist
You Got
0%
They Got
Avg Score
67%
Avg Friend Score
Upgrade to see
Score Distribution
Jump to the score distribution portion of the page
Score
0/22
Timer
08:00
0
Plays Today
Season
Player
% Correct
2011-
12
Dwyane Wade
100%
2010-
11
Dwyane Wade
100%
2005-
06
Shaquille O'Neal
99.2%
2004-
05
Shaquille O'Neal
99.2%
2001-
02
Alonzo Mourning
93.8%
1997-
98
Alonzo Mourning
93.8%
1996-
97
Alonzo Mourning
93.8%
1998-
99
Tim Hardaway
89.1%
2002-
03
Eddie Jones
79.1%
1990-
91
Glen Rice
77.5%
2006-
07
Udonis Haslem
75.2%
Season
Player
% Correct
2009-
10
Michael Beasley
70.5%
2008-
09
Michael Beasley
70.5%
2003-
04
Lamar Odom
57.4%
1992-
93
Rony Seikaly
54.3%
1991-
92
Rony Seikaly
54.3%
1993-
94
Steve Smith
51.2%
2000-
01
Brian Grant
43.4%
1999-
00
Jamal Mashburn
35.7%
2007-
08
Ricky Davis
27.1%
1994-
95
Kevin Willis
14.7%
1995-
96
Rex Chapman
7.8%
Quiz Playlist
Details
Report
Send in Message
Add To Playlist
Classic:
Type in answers that appear in a list
Last Updated: Feb 16, 2017
Quiz Scoreboard
CHALLENGE
Sign Up to Join the Scoreboard
Show All
Scores
Hide
Comments
May contain spoilers
Recently Published
Pick 6: Fruits
by JohnFran
Miscellaneous
15s
Click the 1999 NBA Draft
by nibperrychub
Sports
2m
Alphabetical 'K' Countries by Flag Minefield
by ylime102
Geography
3m
More to Explore
Quiz From the Vault
Featured Blog Post
15 Basketball Trivia Facts You Can Be March Mad About
hide this ad
You Might Also Like...
Tags
1990
2nd
heat
Miami
Miami Heat
Player
point
ppg
Scoring
season
team
Today's Top Quizzes in Sports
Browse Sports
hide this ad
Today's Top Quizzes in Scoring
Browse Scoring
Top Contributed Quizzes in Sports
1
Pick 6: NFL Teams
2
MLB 2 truths and a lie: Hall of Fame pitchers
3
Les joueurs à 100 buts en Ligue 1 Uber Eats
4
Don't Strike Out: 3000 Strikeouts
5
Criteria MLB: Left Handed Sluggers
6
Pick 6: Minor League Baseball
7
2022 World Cup Stars
8
Click the 1998 NBA Draft
9
Millionaire: NBA Finals Edition
10
MLB Players with Two .350 Batting Average Seasons
Explore More
Trending Topics
NBA
Kpop
Crossword
Disney
Anime
Marvel
Harry Potter
Puzzle
The Office
Pokémon
WWE
Song
Country
Soccer
NFL
hide this ad
More By:
jags_027
Quiz
Plays
Rating
Category
Featured
Created
New York Knicks 2nd in Scoring
311
4.00
Sports
Jan 29, 2012
Chicago Bulls 2nd in Scoring
194
4.50
Sports
Feb 1, 2012
Toronto Raptors 2nd in Scoring
183
4.67
Sports
Jan 30, 2012
New England Patriots Starting QBs
160
Sports
Oct 16, 2011
Milwaukee Bucks 2nd in scoring
159
4.67
Sports
Feb 3, 2012
Go to Creator's Profile
Score Distribution
Quiz Creator Spotlight
jags_027
Follow
Send a Message
Quizzes Created
-
Created Quiz Play Count
-
More By This Creator
Popular Quizzes Today
1
Countries of Asia Without Outlines Minefield
2
Find the US States - No Outlines Minefield
3
Pick 6: Fruits
4
Alphabetical 'K' Countries by Flag Minefield
5
The Countries of the World
6
Find the US States
7
Match the Book to the Film X
8
US States
More Sports Quizzes
Top Five Countries in the Winter Olympics
Published
Trending Quizzes
Pick 6: Harry Potter
Pick 6: Mountains
Pick 6: NFL Teams
Pick 6: Movie Franchises
Pick 6: Golfers
Recently Updated
NWSL Teams
pecheneg
Women's Final Four Teams by Year
bhenderson79
Presidents Quartet II
eogle
Anything But Clue(do)
eogle
Anything But Oceanian Capitals
eogle
Anything But 7
eogle
Anything But Thing
eogle
Word Ladder: February 29
pecheneg
Song Title Questions
pecheneg
Women's NCAA Tournament #1 Seeds
pecheneg
Trending Topics
Marvel
Anime
Disney
Harry Potter
Kpop
NBA
Crossword
WWE
Song
Puzzle
Soccer
Country
Pokémon
The Office
NFL
Your Account Isn't Verified!
In order to create a playlist on Sporcle, you need to verify the email address you used during registration. Go to your
Sporcle Settings
to finish the process.
Report this User
Report this user for behavior that violates our
Community Guidelines
.
Details:
Send Report
Go to the Sporcle.com Mobile Site →
Comments